00524nam a22001577a 450000500170000001000150001702000260003203500140005803700090007208200110008110000200009224501110011226000350022327000810025830000270033920240708124404.0 aENG-140800 a9789394915459c980.00 aEN-124332 bDBAD a341.23 aSharma, Sitaram aUnited Nations A Journey from Hope to Despair:bAn Anthology of Speeches And Articles/c by Sitaram Sharma aNew DelhibKW Publishersc2024 a4676/21, First Floor, Ansari Road, DaryaganjbNew Delhie110002k01143528107 axii, 167p. c23cm(hb)